[Event "27th Kavala Open 2018"]
[Site "Kavala"]
[Date "2018.08.11"]
[Round "9"]
[White "Naoum, Spyridon"]
[Black "Iskos, Alexandros"]
[Result "1/2-1/2"]
[WhiteElo "2302"]
[BlackElo "2179"]
[Annotator "ChessBase"]
[PlyCount "154"]
[EventDate "2018.08.06"]
[EventType "swiss"]
[EventCountry "GRE"]
[SourceTitle "playchess.com"]
[Source "ChessBase"]
[SourceQuality "1"]
[TimeControl "40/5400+30:900+30"]

1. d4 {[%emt 0:01:09]} Nf6 {[%emt 0:00:10]} 2. c4 {[%emt 0:01:11]} e6 {[%emt 0:00:04]} 3. Nc3 {[%emt 0:00:03]} Bb4 {[%emt 0:00:04]} 4. g3 {[%emt 0:00:03]} Bxc3+ {[%emt 0:00:54]} 5. bxc3 {[%emt 0:00:06]} d6 {[%emt 0:00:03]} 6. Bg2 {[%emt 0:00:04]} O-O {[%emt 0:00:29]} 7. Nf3 {[%emt 0:00:08]} Nc6 {[%emt 0:00:04]} 8. c5 {[%emt 0:00:36]} e5 {[%emt 0:13:02]} 9. O-O {[%emt 0:01:41]} e4 {[%emt 0:03:50]} 10. Nd2 {[%emt 0:03:55]} Re8 {[%emt 0:00:52]} 11. d5 {[%emt 0:12:37]} Nb8 {[%emt 0:06:17]} 12. Qa4 {[%emt 0:16:06]} Qe7 {[%emt 0:05:21]} 13. cxd6 {[%emt 0:03:11]} cxd6 {[%emt 0:00:05]} 14. Qd4 {[%emt 0:02:17]} Nbd7 {[%emt 0:01:21]} 15. Nc4 {[%emt 0:23:46]} b6 {[%emt 0:02:05]} 16. Bf4 {[%emt 0:06:19]} Ne5 {[%emt 0:00:31]} 17. Bg5 {[%emt 0:01:28]} Ba6 {[%emt 0:07:15]} 18. Nd2 {[%emt 0:05:16]} Bxe2 {[%emt 0:10:03]} 19. Rfe1 {[%emt 0:00:04]} Bf3 {[%emt 0:00:04]} 20. Nxe4 {[%emt 0:00:52]} Bxe4 {[%emt 0:00:12]} 21. Rxe4 {[%emt 0:00:20]} h6 {[%emt 0:01:54]} 22. Bxf6 {[%emt 0:00:11]} Qxf6 {[%emt 0:00:04]} 23. Rae1 {[%emt 0:04:49]} Rec8 {[%emt 0:04:19]} 24. f4 {[%emt 0:00:19]} Ng4 {[%emt 0:04:08]} 25. Bh3 {[%emt 0:05:55]} Qxd4+ {[%emt 0:01:46]} 26. Rxd4 {[%emt 0:00:03]} h5 {[%emt 0:00:12]} 27. Bxg4 {[%emt 0:00:25]} hxg4 {[%emt 0:00:05]} 28. Re3 {[%emt 0:07:50]} Rc5 {[%emt 0:00:40]} 29. f5 {[%emt 0:00:16]} Rac8 {[%emt 0:00:50]} 30. Rxg4 {[%emt 0:02:04]} Rxc3 {[%emt 0:03:54]} 31. Rxc3 {[%emt 0:00:38]} Rxc3 {[%emt 0:00:01]} 32. f6 {[%emt 0:00:04]} g6 {[%emt 0:00:03]} 33. Re4 {[%emt 0:00:30]} Rf3 {[%emt 0:01:38]} 34. Re8+ {[%emt 0:00:28]} Kh7 {[%emt 0:00:03]} 35. Re7 {[%emt 0:00:08]} Rxf6 {[%emt 0:00:08]} 36. Rxa7 {[%emt 0:00:03]} Rf5 {[%emt 0:00:15]} 37. Rd7 {[%emt 0:02:03]} Rxd5 {[%emt 0:00:23]} 38. Rxf7+ {[%emt 0:00:04]} Kh6 {[%emt 0:00:05]} 39. Rf2 {[%emt 0:01:00]} Ra5 {[%emt 0:03:32]} 40. Kg2 {[%emt 0:00:00]} Ra3 {[%emt 0:00:00]} 41. Kh3 {[%emt 0:07:26]} d5 {[%emt 0:06:12]} 42. Rd2 {[%emt 0:00:52]} d4 {[%emt 0:08:29]} 43. Kg4 {[%emt 0:04:03]} d3 {[%emt 0:01:05]} 44. Kf4 {[%emt 0:01:04]} b5 {[%emt 0:13:32]} 45. h3 {[%emt 0:01:44]} b4 {[%emt 0:03:08]} 46. Rb2 {[%emt 0:02:38]} b3 {[%emt 0:00:12]} 47. axb3 {[%emt 0:00:15]} d2 {[%emt 0:00:01]} 48. Rxd2 {[%emt 0:00:10]} Rxb3 {[%emt 0:00:02]} 49. Re2 {[%emt 0:00:43]} Rb5 {[%emt 0:01:12]} 50. Re5 {[%emt 0:01:07]} Rb4+ {[%emt 0:00:45]} 51. Re4 {[%emt 0:00:05]} Rb5 {[%emt 0:00:03]} 52. Kg4 {[%emt 0:00:19]} Rg5+ {[%emt 0:00:42]} 53. Kf3 {[%emt 0:00:00]} Rf5+ {[%emt 0:00:15]} 54. Rf4 {[%emt 0:00:05]} Ra5 {[%emt 0:00:29]} 55. Re4 {[%emt 0:00:52]} Rf5+ {[%emt 0:00:21]} 56. Kg2 {[%emt 0:00:06]} Ra5 {[%emt 0:00:36]} 57. Re8 {[%emt 0:01:23]} Ra3 {[%emt 0:00:44]} 58. h4 {[%emt 0:00:26]} Ra4 {[%emt 0:02:37]} 59. Kh3 {[%emt 0:01:05]} Rb4 {[%emt 0:01:11]} 60. Rf8 {[%emt 0:00:36]} Ra4 {[%emt 0:00:27]} 61. Rf4 {[%emt 0:00:13]} Ra3 {[%emt 0:00:28]} 62. Re4 {[%emt 0:01:02]} Rb3 {[%emt 0:00:27]} 63. Kg4 {[%emt 0:00:06]} Rb1 {[%emt 0:01:52]} 64. Re3 {[%emt 0:01:10]} Rb4+ {[%emt 0:00:29]} 65. Kf3 {[%emt 0:00:01]} Ra4 {[%emt 0:00:28]} 66. g4 {[%emt 0:00:08]} Rb4 {[%emt 0:01:12]} 67. Re8 {[%emt 0:00:14]} Rb3+ {[%emt 0:01:16]} 68. Kf4 {[%emt 0:00:09]} Rb4+ {[%emt 0:00:21]} 69. Re4 {[%emt 0:00:12]} Rb5 {[%emt 0:00:14]} 70. Re5 {[%emt 0:01:53]} Rb4+ {[%emt 0:00:04]} 71. Re4 {[%emt 0:00:01]} Rb5 {[%emt 0:00:03]} 72. Kf3 {[%emt 0:00:13]} Rb3+ {[%emt 0:00:13]} 73. Re3 {[%emt 0:00:05]} Rb4 {[%emt 0:00:15]} 74. Kg3 {[%emt 0:01:08]} Ra4 {[%emt 0:00:07]} 75. Rf3 {[%emt 0:01:19]} Rb4 {[%emt 0:00:07]} 76. Ra3 {[%emt 0:00:28]} Rc4 {[%emt 0:00:20]} 77. h5 {[%emt 0:00:49]} gxh5 {[%emt 0:00:26]} 1/2-1/2

[Event "27th Kavala Open 2018"]
[Site "Kavala"]
[Date "2018.08.11"]
[Round "9"]
[White "Megalios, Konstantinos"]
[Black "Tsolakidou, Stavroula"]
[Result "1-0"]
[WhiteElo "2292"]
[BlackElo "2418"]
[Annotator "NA RC"]
[PlyCount "83"]
[EventDate "2018.08.06"]
[EventType "swiss"]
[EventCountry "GRE"]
[SourceTitle "playchess.com"]
[Source "ChessBase"]
[SourceQuality "1"]
[TimeControl "40/5400+30:900+30"]

1. d4 {[%emt 0:07:54]} Nf6 {[%emt 0:00:07]} 2. c4 {[%emt 0:00:13]} e6 {[%emt 0:00:06]} 3. Nf3 {[%emt 0:00:04]} c5 {[%emt 0:00:37]} 4. d5 {[%emt 0:00:07]} d6 {[%emt 0:00:06]} 5. Nc3 {[%emt 0:00:05]} exd5 {[%emt 0:00:05]} 6. cxd5 {[%emt 0:00:05]} g6 {[%emt 0:00:06]} 7. Bf4 {[%emt 0:00:11]} a6 {[%emt 0:00:15]} 8. e4 {[%emt 0:00:07]} b5 {[%emt 0:00:37]} 9. Be2 {[%emt 0:00:07]} Bb7 {[%emt 0:05:11]} 10. Qc2 {[%emt 0:03:39]} Bg7 {[%emt 0:08:22]} 11. O-O {[%emt 0:01:00]} O-O {[%emt 0:05:39]} 12. a4 {[%emt 0:00:58]} b4 {[%emt 0:00:44]} 13. Nb1 {[%emt 0:00:52]} Re8 {[%emt 0:00:33]} 14. Bd3 {[%emt 0:00:46]} Nh5 {[%emt 0:03:48]} 15. Bg5 {[%emt 0:03:16]} Bf6 {[%emt 0:08:25]} 16. Be3 {[%emt 0:03:48]} Nd7 {[%emt 0:03:58]} 17. Nbd2 {[%emt 0:03:07]} a5 {[%emt 0:11:48]} 18. Nc4 {[%emt 0:04:20]} Nb6 {[%emt 0:02:53]} 19. Nfd2 {[%emt 0:06:59]} Nxc4 {[%emt 0:03:40]} 20. Bxc4 {[%emt 0:03:22]} Bg7 {[%emt 0:04:09]} 21. Rae1 {[%emt 0:05:18]} Qc7 {[%emt 0:09:53]} 22. b3 {[%emt 0:04:39]} Rf8 {[%emt 0:06:00]} 23. f4 {[%emt 0:03:04]} Nf6 {[%emt 0:03:38]} 24. Kh1 {[%emt 0:04:40]} Nd7 {[%emt 0:01:19]} 25. e5 {[%emt 0:07:34]} dxe5 {[%emt 0:03:55]} 26. f5 {[%emt 0:00:12]} Nb6 {[%emt 0:03:48]} 27. Ne4 {[%emt 0:14:43]} Bxd5 {[%emt 0:01:38]} 28. Bxd5 {[%emt 0:03:09]} Nxd5 {[%emt 0:00:06]} 29. f6 {[%emt 0:00:23]} Bh8 {[%emt 0:00:58]} 30. Bxc5 {[%emt 0:02:35]} Rfc8 {[%emt 0:01:02]} 31. Qd2 {[%emt 0:03:56]} Nc3 {[%emt 0:06:55]} 32. Be7 {[%emt 0:00:21]} Ra6 {[%emt 0:00:36]} 33. Nd6 {[%emt 0:02:00]} e4 {[%emt 0:02:42]} 34. Nxc8 {[%emt 0:04:13]} Qxc8 {[%emt 0:00:03]} 35. Rf5 {[%emt 0:01:32]} Ra8 {[%emt 0:00:35]} 36. Rh5 {[%emt 0:02:53]} Qg4 {[%emt 0:00:04]} 37. Rxa5 {[%emt 0:00:15]} Rc8 {[%emt 0:02:40]} 38. Rc5 {[%emt 0:00:13]} Re8 {[%emt 0:00:50]} 39. Rc7 {[%emt 0:01:39]} Qe6 {[%emt 0:01:05]} 40. Qd7 {[%emt 0:00:00]} Qxd7 {[%emt 0:00:00]} 41. Rxd7 {[%emt 0:00:40]} h5 {[%emt 0:02:01]} 42. a5 {[%emt 0:01:49]} 1-0

[Event "27th Kavala Open 2018"]
[Site "Kavala"]
[Date "2018.08.11"]
[Round "9"]
[White "Kakushadze, Ilia"]
[Black "Mu, Ke"]
[Result "0-1"]
[WhiteElo "2149"]
[BlackElo "2446"]
[Annotator "TA"]
[PlyCount "130"]
[EventDate "2018.08.06"]
[EventType "swiss"]
[EventCountry "GRE"]
[SourceTitle "playchess.com"]
[Source "ChessBase"]
[SourceQuality "1"]

{[%evp 20,130,5,-8,24,0,-4,-39,-29,-43,-50,-54,-51,-54,-60,-53,-52,-47,-27,-23,30,16,29,-117,-125,-154,-135,-400,-384,-415,-413,-418,-422,-406,-364,-335,-186,-183,-187,-215,-202,-220,-218,-213,-206,-190,-177,-208,-200,-189,-187,-181,-185,-177,-175,-284,-284,-284,-277,-277,-277,-277,-277,-296,-296,-313,-313,-322,-322,-306,-306,-338,-325,-339,-335,-495,-464,-448,-437,-440,-435,-534,-533,-557,-554,-653,-654,-651,-651,-651,-646,-634,-596,-537,-527,-528,-477,-1170,-1110,-1047,-1000,-5222,-5098,-3379,-3277,-29966,-29967,-29973,-2465,-29974,-29975,-29977,-29978]} 1. e4 e5 2. Nf3 Nc6 3. Nc3 Nf6 4. d4 exd4 5. Nxd4 Bb4 6. Nxc6 bxc6 7. Bd3 O-O 8. O-O Re8 9. Bg5 Rb8 {C47: Scotch Four Knights and Four Knights with 4 g3} (9... h6 10. Bh4 Qe7 11. Kh1 Bxc3 12. bxc3 d5 13. exd5 cxd5 14. Qf3 g5 15. Bb5 Bg4 16. Qd3 c6 17. Bxc6 Be2 18. Qd4 Bxf1 19. Rxf1 gxh4 20. Bxa8 Rxa8 21. Qxh4 {0-1 (32) Dubov,D (2701)-Fedoseev,V (2724) Moscow 2018}) 10. Qf3 Bd6 11. Rab1 {LiveBook: 3 Games} h6 {The position is equal.} 12. Bh4 Be5 13. h3 d6 14. Bc4 Be6 $146 ({Predecessor:} 14... Qe7 15. Rfe1 Be6 16. Bb3 Rb4 17. Bxf6 Bxf6 18. e5 Bxe5 19. Qxc6 {0-1 (35) Vidic,T (2180)-Christiansen,J (2486) Reykjavik 2018}) 15. Bxe6 Rxe6 16. Bxf6 Qxf6 17. Qd3 Rb4 18. g3 Re8 19. a3 Rb6 (19... Rd4 $142 20. Qe2 Qg6) 20. Na4 $1 $11 {[%cal Ra4b6]} Rbb8 {[%cal Re5b2]} 21. c3 {[#]} (21. f4 $11 {keeps the balance.} Bd4+ 22. Kg2) 21... Qe6 $1 $17 22. Kg2 Qb3 $36 {[%mdl 2048] White is under strong pressure.} 23. Qa6 $2 {[%mdl 8192]} (23. Qd1 $17 {was called for.}) 23... Qb5 $19 24. Qxa7 Ra8 25. Qxc7 Qxa4 26. Rfe1 Qa6 27. Qd7 Qc8 (27... Re6 $142 {...Qb6 is the strong threat.} 28. a4 Bf6) 28. Qxc8 Raxc8 29. Red1 g5 30. Rd3 c5 {[%cal Bc6c5,Bc5c4][%mdl 32]} 31. Rf1 c4 32. Rd2 Bg7 33. Rxd6 Rxe4 34. Rfd1 Re2 35. Rd8+ Rxd8 36. Rxd8+ {[%mdl 4096] Endgame KRB-KR} Bf8 37. Rc8 (37. Rb8 {was the only chance.}) 37... Rxb2 38. a4 Ra2 39. Rxc4 Ra3 40. h4 gxh4 41. Rxh4 Rxc3 42. f3 Rc5 43. Rd4 Kg7 44. Rd2 Be7 45. Ra2 Bd8 46. Kh3 Kf6 47. Kg4 (47. Re2 {keeps fighting.}) 47... Rg5+ 48. Kh3 Bc7 49. f4 Rc5 50. Kg4 Ba5 51. Rh2 Kg6 52. Rh1 h5+ 53. Kh3 Rc4 54. Ra1 f6 55. Ra2 Rd4 56. Ra1 Rd3 57. Kh4 Re3 58. Rg1 (58. Kh3 $142) 58... Ra3 59. Rc1 Rxa4 60. Rc8 Be1 61. Rg8+ Kf7 62. Rb8 Rxf4+ 63. Kxh5 Rf5+ (63... Rb4 $142 64. Ra8 Bxg3 65. Ra7+ Ke6 66. Ra5 Bd6 67. Ra2 f5 68. Ra6 f4 69. Kg4 Rb3 70. Kh4 f3 71. Ra1 f2 72. Rf1 Be5 73. Kh5 Rf3 74. Kg4 Rg3+ 75. Kh4 Rg8 76. Kh5 Bd4 77. Kh4 Rg1 78. Rxf2 Bxf2+ 79. Kh3 Bc5 80. Kh4 Kf5 81. Kh3 Bd6 82. Kh4 Rh1#) 64. Kh4 Rg5 65. Rb3 Kg6 {Precision: White = 32%, Black = 76%.} 0-1

[Event "27th Kavala Open 2018"]
[Site "Kavala"]
[Date "2018.08.11"]
[Round "9"]
[White "Alexakis, Georgios"]
[Black "Schitco, Ivan"]
[Result "0-1"]
[WhiteElo "2056"]
[BlackElo "2377"]
[Annotator "NA"]
[PlyCount "74"]
[EventDate "2018.08.06"]
[EventType "swiss"]
[EventCountry "GRE"]
[SourceTitle "playchess.com"]
[Source "ChessBase"]
[SourceQuality "1"]
[TimeControl "40/5400+30:900+30"]

1. e4 {[%emt 0:07:11]} d6 {[%emt 0:00:09]} 2. d4 {[%emt 0:00:30]} Nf6 {[%emt 0:00:08]} 3. Nc3 {[%emt 0:01:14]} g6 {[%emt 0:00:15]} 4. f3 {[%emt 0:01:51]} c6 {[%emt 0:01:53]} 5. Be3 {[%emt 0:00:57]} Nbd7 {[%emt 0:00:14]} 6. Qd2 {[%emt 0:03:49]} b5 {[%emt 0:00:56]} 7. g4 {[%emt 0:04:00]} Bg7 {[%emt 0:00:10]} 8. a3 {[%emt 0:03:40]} Nb6 {[%emt 0:09:06]} 9. h4 {[%emt 0:05:29]} h5 {[%emt 0:00:32]} 10. g5 {[%emt 0:01:31]} Nfd7 {[%emt 0:00:16]} 11. f4 {[%emt 0:04:32]} Nc4 {[%emt 0:07:06]} 12. Bxc4 {[%emt 0:01:06]} bxc4 {[%emt 0:00:04]} 13. Nge2 {[%emt 0:08:19]} Nb6 {[%emt 0:04:03]} 14. Ng3 {[%emt 0:02:21]} d5 {[%emt 0:00:48]} 15. e5 {[%emt 0:02:15]} Bg4 {[%emt 0:00:46]} 16. O-O {[%emt 0:01:31]} e6 {[%emt 0:04:35]} 17. Nce2 {[%emt 0:07:48]} a5 {[%emt 0:05:35]} 18. Kh2 {[%emt 0:16:25]} O-O {[%emt 0:00:34]} 19. Rac1 {[%emt 0:02:09]} Qc7 {[%emt 0:01:29]} 20. c3 {[%emt 0:04:22]} Rfb8 {[%emt 0:00:21]} 21. Rc2 {[%emt 0:01:26]} Na4 {[%emt 0:01:43]} 22. Rb1 {[%emt 0:03:55]} Rb3 {[%emt 0:01:59]} 23. Nc1 {[%emt 0:01:44]} Rb6 {[%emt 0:00:35]} 24. b4 {[%emt 0:01:41]} cxb3 {[%emt 0:00:08]} 25. Rxb3 {[%emt 0:00:08]} Rab8 {[%emt 0:00:52]} 26. Rxb6 {[%emt 0:00:09]} Nxb6 {[%emt 0:00:11]} 27. Ra2 {[%emt 0:00:39]} Nc4 {[%emt 0:00:23]} 28. Qf2 {[%emt 0:00:31]} Bf8 {[%emt 0:00:36]} 29. a4 {[%emt 0:00:07]} Qb6 {[%emt 0:00:54]} 30. Nf1 {[%emt 0:00:49]} Qb1 {[%emt 0:02:44]} 31. Nd2 {[%emt 0:02:07]} Qxc1 {[%emt 0:00:24]} 32. Nxc4 {[%emt 0:00:07]} Qxc3 {[%emt 0:00:07]} 33. Rc2 {[%emt 0:00:16]} Qa1 {[%emt 0:06:32]} 34. Nxa5 {[%emt 0:01:14]} Rb1 {[%emt 0:01:07]} 35. Ra2 {[%emt 0:01:46]} Rh1+ {[%emt 0:00:16]} 36. Kg2 {[%emt 0:00:04]} Qb1 {[%emt 0:00:10]} 37. Rc2 {[%emt 0:00:17]} Bf5 {[%emt 0:01:10]} 0-1

[Event "27th Kavala Open 2018"]
[Site "Kavala"]
[Date "2018.08.11"]
[Round "9"]
[White "Koroglou, Viktor"]
[Black "Kouskoutis, Georgios-Alexandros"]
[Result "0-1"]
[WhiteElo "2029"]
[BlackElo "2302"]
[Annotator "TA"]
[PlyCount "84"]
[EventDate "2018.08.06"]
[EventType "swiss"]
[EventCountry "GRE"]
[SourceTitle "playchess.com"]
[Source "ChessBase"]
[SourceQuality "1"]

{[%evp 21,84,71,63,43,108,100,88,94,100,83,174,170,170,175,221,227,231,227,222,200,188,185,209,168,190,121,201,189,172,-270,-254,-260,-145,-544,-553,-534,-462,-558,-558,-655,-655,-1352,-643,-5381,-897,-1171,-627,-616,-612,-563,-506,-614,-610,-710,-670,-793,-752,-737,-741,-672,0,-675,0,-1162,-1146]} 1. e4 c5 2. Nf3 g6 3. d4 cxd4 4. Nxd4 Bg7 5. c4 Nc6 6. Be3 Nf6 7. Nc3 O-O 8. Be2 d6 9. f3 Bd7 10. Qd2 Nxd4 11. Bxd4 Bc6 {LiveBook: 61 Games. B38: Sicilian: Maroczy Bind with 5...Bg7 and 7...0-0} (11... a5 12. b3 Bc6 13. O-O Nd7 14. Be3 Nc5 15. Rab1 e6 16. a3 Be5 17. b4 axb4 18. axb4 Ra3 19. bxc5 Rxc3 20. f4 Bg7 21. e5 dxe5 22. Qxc3 exf4 23. Qd2 Qg5 {0-1 (43) Bu,X (2730)-Savchenko,B (2566) Riadh 2017}) 12. h4 a5 ({Black should play} 12... Qa5 $14) 13. O-O-O a4 {White is better.} 14. a3 $146 ({Predecessor:} 14. g4 Qa5 15. h5 a3 16. b3 Rfc8 17. Kb1 e5 18. Be3 Ne8 19. hxg6 fxg6 {1-0 (27) Baskin,R (2339)-Godzwon,I (2218) Warsaw 2018}) 14... Qa5 15. h5 Rfc8 (15... Nxh5 $16 {might work better.} 16. Bxg7 Kxg7) 16. hxg6 $18 fxg6 17. Kb1 e5 18. Be3 Rd8 19. g4 Qc7 20. Qe1 Qf7 21. Qh4 Bf8 22. Bg5 Be7 23. Rh3 (23. Rdf1 $18) 23... Rac8 (23... Rd7 $16 24. Rdh1 Ne8 25. Bxe7 Rxe7) 24. f4 exf4 {[#]} 25. Rf3 $4 {[%mdl 8192]} (25. c5 $1 $18 {was the only winning move.}) 25... Nxe4 $19 26. Bxe7 {[#]} Re8 (26... Nxc3+ $1 $19 27. Rxc3 Re8 28. Rxd6 Qxe7 29. Qxe7 Rxe7) 27. Bxd6 $2 {[%mdl 8192]} (27. Nd5 $17 {is tougher.} Bxd5 28. Rxd5) 27... Nxc3+ 28. Rxc3 {Threatens to win with Bf3.} Rxe2 29. g5 f3 30. Bg3 f2 31. Rf1 Rf8 (31... Be4+ $142 32. Ka1 Qd7) 32. Qh2 Be4+ (32... Qd7 $142 33. Bd6 Re1+ 34. Rc1 Qf5+ 35. Ka1 Rxc1+ 36. Rxc1 f1=Q) 33. Ka1 {[#]} Re1+ $1 {[%mdl 512]} 34. Rxe1 f1=Q ({Less strong is} 34... fxe1=B 35. Bxe1 Qf1 36. Qd2 $15) 35. Qd2 Qg2 36. Qd4 Bc6 37. Rce3 Re8 38. Be5 Qc2 39. Rc3 Qcf5 40. Rce3 Qc2 41. Rc3 $1 {[%cal Rc3c2]} Qcf5 $2 ({Black should try} 41... Qcf2 $19 {( -> ...Qxd4)} 42. Qd1 Qd7) 42. Rg3 $2 {[%mdl 8192] [#]} (42. Rce3 $11 Qxg5 43. Qc3) 42... Rxe5 $1 {Precision: White = 32%, Black = 37%.} 0-1